Guess the celebrity - Statistics

General Stats
  • This quiz has been taken 22 times
  • The average score is 5 of 16
Answer Stats
Picture Answer % Correct
Michael B. Jordan
95%
Josh Hutcherson
52%
Dylan O'Brien
48%
Tom Felton
48%
Theo James
43%
Chad Michael Murray
33%
John Stamos
33%
Adam Brody
24%
Avan Jogia
24%
Mitchell Hope
19%
James Lafferty
14%
Logan Lerman
14%
Corey Fogelmanis
10%
Matthew Underwood
10%
Sterling Knight
10%
Billy Unger
5%
No matching quizzes found
Score Distribution
Percent of People with Each Score
Percentile by Number Answered
Your Score History
You have not taken this quiz